000 00914nmm a2200277 a 4500
001 ocm0002015541
003 TR-IsHL
005 20201028175906.0
008 181109s2017 tu tur
007 cr cn
020 _a9786056585692
035 _a2015541
_b(N$T)
050 0 4 _aCS3040
_bA99 2017
090 0 4 _aCS3040
_bA99 2017
100 1 _aAyyüce, Rafet Gökhan
245 1 0 _aİsimler kitabı: yeni çağda anadolu nümerolojisine göre çocuk isimler rehberi
_h[electronic resource] /
_cRafet Gökhan Ayyüce
250 _a1. Basım
260 _aİstanbul :
_bMitra Yayınları,
_c2017
300 _a284 p.
650 4 _aDil ve Edebiyat
650 4 _aLanguage and Literature
650 0 _aİsimler, Türkçe
650 0 _aNames, Turkish
650 7 _aREFERENCE / General
_2bisacsh
856 4 0 _uhttp://search.ebscohost.com/login.aspx?direct=true&scope=site&db=e011xww&AN=2015541
999 _c18886
_d18886